| 000 | 00889cab a22002055a 4500 | ||
|---|---|---|---|
| 001 | L139868 | ||
| 008 | 070816e200708 xxkd f 000 0 eng d | ||
| 035 | _a(Sirsi) u139868 | ||
| 041 | 0 | _aeng | |
| 100 | 1 | _aSmulian, Mark | |
| 245 | 0 | 0 | _aTax dispute |
| 260 | _c2007 | ||
| 490 | 0 |
_aHousebuilder _v66(7) August 2007 |
|
| 520 | _aThe UK Government has put the Planning Gain Supplement (PGS) on hold while the industry explores alternative ways of raising cash for infrastructure. Report from Surrey, England where the county council is trialling a similar tax. This development charge on builders is proving controversial. Includes how the tax is calculated and details the shortage of local sites. | ||
| 590 | _aka | ||
| 650 | 2 | 4 | _aPLANNING GAIN SUPPLEMENT |
| 651 | 4 |
_aUnited Kingdom _y |
|
| 690 | _aMANAGEMENT-BUSINESS MANAGEMENT-FINANCIAL MANAGEMENT-BUSINESS TAXATION | ||
| 942 | _n0 | ||
| 999 |
_c79115 _d79115 |
||